History Quiz

Random History Quiz

UK Battleships/Carriers as of Aug 1939 Quiz Stats

 Plays Quiz not verified by Sporcle

Score 0/22 Timer 10:00
0 Plays Today
Fleet/Station (Class) Ship % Correct
Home Fleet (Battlecruiser)HMS Hood
93.6%
Home Fleet (Aircraft Carrier)HMS Ark Royal
92.3%
Home Fleet (Battleship)HMS Royal Oak
80.7%
Home Fleet (Battlecruiser)HMS Repulse
78.5%
Mediterranean Fleet (Battleship)HMS Barham
74.5%
Under Repair/Refit in Portsmouth (Battleship)HMS Queen Elizabeth
74.2%
Home Fleet (Battleship)HMS Rodney
69.6%
Home Fleet (Battleship)HMS Nelson
69.3%
Under Repair/Refit in Portsmouth (Battlecruiser)HMS Renown
68.1%
Mediterranean Fleet (Battleship)HMS Warspite
68.1%
Devonport Command (Aircraft Carrier)HMS Hermes
64.4%
Fleet/Station (Class) Ship % Correct
Mediterranean Fleet (Aircraft Carrier)HMS Glorious
63.5%
Mediterranean Fleet (Battleship)HMS Malaya
63.2%
Home Fleet (Aircraft Carrier)HMS Furious
62%
China Station (Aircraft Carrier)HMS Eagle
61.3%
Under Repair/Refit in Devonport (Battleship)HMS Valiant
60.4%
Under Repair/Refit in Devonport (Battleship)HMS Revenge
59.8%
Reserve Fleet (Aircraft Carrier)HMS Courageous
57.4%
Home Fleet (Battleship)HMS Ramillies
56.1%
Home Fleet (Battleship)HMS Royal Sovereign
55.2%
Home Fleet (Battleship)HMS Resolution
49.4%
Reserve Fleet (Aircraft Carrier)HMS Argus
39.6%

You're not logged in!

Compare scores with friends on all Sporcle quizzes.
OR
Log In

Show Comments

Extras

Top Quizzes Today


Score Distribution

Your Account Isn't Verified!

In order to create a playlist on Sporcle, you need to verify the email address you used during registration. Go to your Sporcle Settings to finish the process.

Report this User

Report this user for behavior that violates our Community Guidelines.

Details: